Irrigation Engineering and Hydraulic Structures Vol II (Record no. 5830)
[ view plain ]
| 000 -LEADER | |
|---|---|
| fixed length control field | 00359nam a2200145Ia 4500 |
| 003 - CONTROL NUMBER IDENTIFIER | |
| control field | OSt |
| 008 - FIXED-LENGTH DATA ELEMENTS--GENERAL INFORMATION | |
| fixed length control field | 191201s2014 xx 000 0 und d |
| 100 ## - MAIN ENTRY--PERSONAL NAME | |
| Personal name | GARG, SK |
| 245 #0 - TITLE STATEMENT | |
| Title | Irrigation Engineering and Hydraulic Structures Vol II |
| 250 ## - EDITION STATEMENT | |
| Edition statement | Rev |
| 260 ## - PUBLICATION, DISTRIBUTION, ETC. (IMPRINT) | |
| Place of publication, distribution, etc | N. Delhi |
| Name of publisher, distributor, etc | Khanna Publisher |
| Date of publication, distribution, etc | 2014 |
| 300 ## - PHYSICAL DESCRIPTION | |
| Extent | 1265 |
| 650 ## - SUBJECT ADDED ENTRY--TOPICAL TERM | |
| Topical term or geographic name as entry element | B.Tech(CE) |
| 942 ## - ADDED ENTRY ELEMENTS (KOHA) | |
| Source of classification or shelving scheme | Dewey Decimal Classification |
| Koha item type | Text Books |
| Withdrawn status | Lost status | Source of classification or shelving scheme | Damaged status | Not for loan | Collection code | Home library | Current library | Date acquired | Source of acquisition | Cost, normal purchase price | Bill Number | Total Checkouts | Full call number | Acc. no. / Barcode | Date last seen | Date last borrowed | Actual Cost, discounted price | Bill Date | Koha item type |
|---|---|---|---|---|---|---|---|---|---|---|---|---|---|---|---|---|---|---|---|
| Dewey Decimal Classification | B.Tech(CE) | PIET C-LIBRARY | PIET C-LIBRARY | 18/03/2014 | IBH, New Delhi | 430.00 | 22792 | 10 | 627.52 GAI | 23591 | 29/05/2026 | 14/05/2026 | 321.98 | 08/03/2014 | Text Books | ||||
| Dewey Decimal Classification | B.Tech(CE) | PIET C-LIBRARY | PIET C-LIBRARY | 18/03/2014 | IBH, New Delhi | 430.00 | 22792 | 1 | 627.52 GAI | 23592 | 09/12/2019 | 05/12/2019 | 321.98 | 08/03/2014 | Text Books | ||||
| Dewey Decimal Classification | B.Tech(CE) | PIET C-LIBRARY | PIET C-LIBRARY | 18/03/2014 | IBH, New Delhi | 430.00 | 22792 | 4 | 627.52 GAI | 23593 | 01/06/2022 | 17/05/2022 | 321.98 | 08/03/2014 | Text Books | ||||
| Dewey Decimal Classification | B.Tech(CE) | PIET C-LIBRARY | PIET C-LIBRARY | 18/03/2014 | IBH, New Delhi | 430.00 | 22792 | 3 | 627.52 GAI | 23594 | 22/03/2023 | 09/03/2023 | 321.98 | 08/03/2014 | Text Books | ||||
| Dewey Decimal Classification | B.Tech(CE) | PIET C-LIBRARY | PIET C-LIBRARY | 18/03/2014 | IBH, New Delhi | 430.00 | 22792 | 4 | 627.52 GAI | 23595 | 26/04/2023 | 19/04/2023 | 321.98 | 08/03/2014 | Text Books |